00448nam a22001337a 4500003000400000008004100004020001800045082001800063245007600081260007500157300001600232650004500248700002100293OSt260624b |||||||| |||| 00| 0 eng d a9789390425310 a570.285bS61B aBioinformatics: Concepts And Applications/by Satendra Singh...[et al.] aNew Delhi: bInternational Books & Periodicals Supply Service, c2022. avii, 163 p. aPure Sciences | Biology | Bioinformatics aSingh, Satendra